000 00307nam a22001097a 4500
082 _a370
100 _aSultan,Farah
_981490
245 _a NTA UGC NET/JRF/SET Teaching and Research Aptitude General Paper 1 ( compulsory)
260 _aMeerut UP
_bArihant Publication
_c2023
650 _aEducation
942 _cBK
999 _c66191
_d66191